00629nam a2200193Ia 4500008004100000020001400041082001500055100002600070245002800096250000700124260003600131300002600167500001900193600002100212650005000233942000700283952013000290999001500420240925s9999 xx 000 0 und d a132004119 a005.73 TAN aTenenbaum ,Aaron M. 0aData Structures Using C aNA aLondon:bPrentice, Hallc,1990. aix,545p.bNAfPirated aIncludes Index aComputer Science aComputer science, information & general works cBK 001040708CSaUITUbUITUd1996-08-29eRoyal Book Companyg100.00l0o005.73 TANpQ0751r2024-09-25 07:12:12w2024-09-25yBK c3250d3250